| 000 | 00734nam a2200229Ia 4500 | ||
|---|---|---|---|
| 999 |
_c41247 _d41247 |
||
| 001 | 7899 | ||
| 003 | GE_BSU | ||
| 005 | 20220930103153.0 | ||
| 008 | 181216s2013ru xx |||||||||||||| ||rus|| | ||
| 020 | _a9785865474531 | ||
| 040 | _cGE_BSU | ||
| 041 | _arus | ||
| 080 | _a811.161.1 К-72 | ||
| 100 |
_aКостюк,Н. _914907 |
||
| 245 |
_aЧитаем без проблем. Ч.1 : _bВ 4 ч. / _cН. Костюк, Д. Филлипс ; Ред.И.В.Евстратова |
||
| 250 | _a8-е изд. | ||
| 264 |
_aСанкт-Петербург: _bЗлатоуст, _c2013. |
||
| 300 |
_a108 стр:. _bилл; _c19 см. |
||
| 653 | _aЧитаем без проблем | ||
| 653 | _aრუსული ენა | ||
| 942 |
_cBK _2udc |
||